Normal view
MARC view
- القران - الفاظ - القران - اعراب
Entry Topical Term
001 - CONTROL NUMBER
- control field: 36558
003 - CONTROL NUMBER IDENTIFIER
- control field: JO-AjAnu
005 - DATE AND TIME OF LATEST TRANSACTION
- control field: 20230606080113.0
008 - FIXED-LENGTH DATA ELEMENTS
- fixed length control field: 230606|| aca||aabn | a|a d
040 ## - CATALOGING SOURCE
- Original cataloging agency: JO-AjAnu
- Transcribing agency: JO-AjAnu
150 ## - HEADING--TOPICAL TERM
- Topical term or geographic name entry element: القران - الفاظ - القران - اعراب
670 ## - SOURCE DATA FOUND
- Source citation: Work cat.: (JO-AjAnu)18767: السيوطي، ابي الفضل جلال الدين عبد الرحمن أبي بكر؛ شرح وتعليق سمير حسين حلبي, author 36557, المهذب فيما وقع في القرآن من المعرب